[Event "Tata Steel Tienkamp"]
[Site "Wijk aan Zee"]
[Date "2025.02.02"]
[Round "9"]
[White "Holzke, Frank"]
[Black "Panesar, Vedant"]
[Result "1/2-1/2"]
[WhiteElo "2426"]
[BlackElo "2446"]
[PlyCount "94"]
[EventDate "2025.01.24"]
[EventType "tourn"]
[EventRounds "9"]
[EventCountry "NED"]
[EventCategory "6"]
[SourceTitle "CB06_2025"]
[SourceDate "2025.02.05"]
[SourceVersion "1"]
[SourceVersionDate "2025.02.05"]
[SourceQuality "1"]

1. e4 c5 2. Nf3 d6 3. d4 cxd4 4. Nxd4 Nf6 5. Nc3 g6 6. Be3 Nc6 7. f3 h5 8. Be2 Bg7 9. 0-0 Bd7 10. Qd2 Rc8 11. Rae1 a6 12. Nxc6 Bxc6 13. Nd5 Nd7 14. c3 0-0 15. Bg5 Re8 16. Bh4 Bxd5 17. exd5 Qa5 18. a3 Nf6 19. Bxf6 Bxf6 20. f4 Qb6+ 21. Kh1 h4 22. g4 hxg3 23. hxg3 Kg7 24. Kg2 Rh8 25. Rh1 Rxh1 26. Rxh1 Rh8 27. Rxh8 Kxh8 28. g4 Kg8 29. g5 Bg7 30. Bc4 Qc5 31. Qe2 Kf8 32. Ba2 Qb6 33. Kf1 Qc7 34. Kg2 Qd7 35. Bb1 Kg8 36. Be4 Kf8 37. Bb1 Qa4 38. Be4 Qb3 39. Qc2 Qc4 40. Qd3 Qb3 41. Qc2 Qb5 42. Qd2 Ke8 43. Qc2 Kd8 44. Qd2 Qc4 45. Qd3 Qb3 46. Qc2 Qb5 47. Qd2 Qc4 1/2-1/2

[Event "Tata Steel Tienkamp"]
[Site "Wijk aan Zee"]
[Date "2025.01.26"]
[Round "3"]
[White "Smeets, Kobe"]
[Black "Holzke, Frank"]
[Result "1/2-1/2"]
[WhiteElo "2355"]
[BlackElo "2426"]
[PlyCount "158"]
[EventDate "2025.01.24"]
[EventType "tourn"]
[EventRounds "9"]
[EventCountry "NED"]
[EventCategory "6"]
[SourceTitle "CB06_2025"]
[SourceDate "2025.02.05"]
[SourceVersion "1"]
[SourceVersionDate "2025.02.05"]
[SourceQuality "1"]

1. e4 e5 2. Nf3 Nc6 3. Bb5 Nf6 4. d3 Bc5 5. Bxc6 dxc6 6. 0-0 Qe7 7. Nbd2 a5 8. Nc4 Nd7 9. Bd2 a4 10. Qe1 0-0 11. b4 Ba7 12. Ne3 Rd8 13. Nf5 Qe8 14. c4 Nf8 15. Bc3 f6 16. Rd1 Be6 17. Qe2 Ng6 18. g3 Qf7 19. Ne3 Bh3 20. Rfe1 Bxe3 21. Qxe3 Bg4 22. Rd2 Rd7 23. Rc1 Rad8 24. Ne1 b6 25. f4 exf4 26. gxf4 f5 27. e5 Nf8 28. Ng2 c5 29. bxc5 bxc5 30. Rb1 Ne6 31. h3 Bh5 32. Rb5 g5 33. Kh2 h6 34. Ra5 Kh7 35. Rxa4 gxf4 36. Nxf4 Nxf4 37. Qxf4 Rxd3 38. Ra6 Bg6 39. Rxd3 Rxd3 40. e6 Qe7 41. Rc6 Rd6 42. Qe5 Be8 43. Qxf5+ Kg8 44. Qe5 Qh7 45. Rxd6 cxd6 46. Qg3+ Qg6 47. Qxd6 Qf5 48. Qg3+ Bg6 49. Qb8+ Qf8 50. Qg3 Qf5 51. Qb8+ Qf8 52. Be5 Be8 53. Bf4 Kh7 54. Qc7+ Kg6 55. Qd6 Qf5 56. Kg3 Qe4 57. e7+ Kf7 58. Qxc5 Qg6+ 59. Kf2 Qc2+ 60. Kg3 Qg6+ 61. Kf2 Qc2+ 62. Kg1 Qg6+ 63. Kf1 Qb1+ 64. Ke2 Qxa2+ 65. Bd2 Qc2 66. Ke3 Qb3+ 67. Kf4 Qxh3 68. Qd5+ Qe6 69. Qxe6+ Kxe6 70. Bb4 Kd7 71. Ke5 h5 72. Kf6 h4 73. Be1 h3 74. Bg3 Kc6 75. Kg7 Kc5 76. Kf8 Bc6 77. e8Q Bxe8 78. Kxe8 h2 79. Bxh2 Kxc4 1/2-1/2

[Event "Wch Seniors 50 32nd"]
[Site "Porto Santo"]
[Date "2024.11.21"]
[Round "5"]
[White "Holzke, Frank"]
[Black "Ibrayev, Galymzhan"]
[Result "1/2-1/2"]
[WhiteElo "2439"]
[BlackElo "1983"]
[PlyCount "111"]
[EventDate "2024.11.17"]
[EventType "swiss"]
[EventRounds "11"]
[EventCountry "POR"]
[SourceTitle "CB49_2024"]
[SourceDate "2024.12.04"]
[SourceVersion "1"]
[SourceVersionDate "2024.12.04"]
[SourceQuality "1"]

1. e4 c5 2. Nf3 d6 3. d4 cxd4 4. Nxd4 Nf6 5. Nc3 a6 6. Be2 e6 7. f4 Be7 8. Be3 Qc7 9. g4 b5 10. Bf3 Bb7 11. g5 Nfd7 12. f5 e5 13. Nb3 Nb6 14. Qd3 N8d7 15. 0-0 Rc8 16. Rf2 Nc4 17. Bc1 Ndb6 18. Bg4 Rd8 19. Nd5 Nxd5 20. exd5 Nb6 21. f6 gxf6 22. gxf6 Bf8 23. Bf3 Qc4 24. Qxc4 bxc4 25. Na5 Rg8+ 26. Kf1 Bxd5 27. Be3 Bxf3 28. Bxb6 Rb8 29. Rxf3 Rxb6 30. Nxc4 Rb4 31. b3 e4 32. Rf5 Rb5 33. Rxb5 axb5 34. Ne3 Kd7 35. a4 Bh6 36. Nd5 bxa4 37. bxa4 Ke6 38. Nc7+ Ke5 39. a5 Be3 40. Ra4 d5 41. a6 d4 42. Ra5+ Kd6 43. a7 d3 44. cxd3 exd3 45. Ne8+ Rxe8 46. a8Q Rxa8 47. Rxa8 Bf4 48. h3 Ke6 49. Ra6+ Kf5 50. Kf2 Bg5 51. Rd6 d2 52. Ke2 h5 53. Rc6 Ke5 54. Ra6 Kf5 55. Rc6 Ke5 56. Ra6 1/2-1/2

[Event "Wch Seniors 50 32nd"]
[Site "Porto Santo"]
[Date "2024.11.18"]
[Round "2"]
[White "Plotkin, Victor"]
[Black "Holzke, Frank"]
[Result "1/2-1/2"]
[WhiteElo "2234"]
[BlackElo "2439"]
[PlyCount "60"]
[EventDate "2024.11.17"]
[EventType "swiss"]
[EventRounds "11"]
[EventCountry "POR"]
[SourceTitle "CB49_2024"]
[SourceDate "2024.12.04"]
[SourceVersion "1"]
[SourceVersionDate "2024.12.04"]
[SourceQuality "1"]

1. e4 e6 2. d4 d5 3. Nc3 Bb4 4. exd5 exd5 5. Bd3 Nc6 6. Nge2 Qf6 7. 0-0 Be6 8. Nb5 Ba5 9. c3 a6 10. Na3 Bf5 11. Nc2 Nce7 12. Bxf5 Qxf5 13. Ne3 Qd7 14. Nf4 c6 15. Nd3 Nf6 16. Ne5 Qc8 17. Qd3 0-0 18. Bd2 Ne4 19. Be1 Bc7 20. f3 Nd6 21. c4 f6 22. cxd5 Nxd5 23. Nxd5 cxd5 24. Ng4 Bb6 25. Ne3 Qc6 26. Bb4 Rfc8 27. Bc5 Bxc5 28. dxc5 Qxc5 29. Qxd5+ Qxd5 30. Nxd5 Rc2 1/2-1/2

[Event "Wch Seniors 50 32nd"]
[Site "Porto Santo"]
[Date "2024.11.17"]
[Round "1"]
[White "Holzke, Frank"]
[Black "Lukac, Roman"]
[Result "1-0"]
[WhiteElo "2439"]
[BlackElo "2063"]
[PlyCount "75"]
[EventDate "2024.11.17"]
[EventType "swiss"]
[EventRounds "11"]
[EventCountry "POR"]
[SourceTitle "CB49_2024"]
[SourceDate "2024.12.04"]
[SourceVersion "1"]
[SourceVersionDate "2024.12.04"]
[SourceQuality "1"]

1. e4 e5 2. Nf3 Nc6 3. Bc4 Bc5 4. c3 Nf6 5. d4 exd4 6. e5 d5 7. Be2 Ne4 8. cxd4 Bb6 9. Be3 0-0 10. Nc3 Nxc3 11. bxc3 f6 12. exf6 Qe7 13. f7+ Qxf7 14. 0-0 Qf6 15. a4 Kh8 16. Rb1 a5 17. h3 Bg4 18. Bg5 Bh5 19. Bh4 Qd6 20. Qd2 Rae8 21. Bg3 Re4 22. Bd1 Qe7 23. Rb4 Bg6 24. Rb5 Qd8 25. Ng5 Ree8 26. Bg4 Bf5 27. Bh5 Re7 28. Qa2 h6 29. Rxd5 Rd7 30. Nf7+ Rfxf7 31. Bxf7 Ne7 32. Rxd7 Qxd7 33. Re1 c6 34. Qe2 Nd5 35. Qe8+ Qxe8 36. Rxe8+ Kh7 37. Bxd5 cxd5 38. Rb8 1-0

[Event "Biel HTO 57th"]
[Site "Biel"]
[Date "2024.07.25"]
[Round "10"]
[White "Ritviz, Parab"]
[Black "Holzke, Frank"]
[Result "1-0"]
[WhiteElo "2334"]
[BlackElo "2450"]
[PlyCount "161"]
[EventDate "2024.07.15"]
[EventType "swiss"]
[EventRounds "10"]
[EventCountry "SUI"]
[SourceTitle "CBM 221"]
[Source "ChessBase"]
[SourceDate "2024.08.31"]
[SourceVersion "1"]
[SourceVersionDate "2024.08.31"]
[SourceQuality "1"]

1. e4 c5 2. Nf3 Nc6 3. Bb5 g6 4. 0-0 Bg7 5. Re1 Nf6 6. e5 Nd5 7. Nc3 Nc7 8. Bxc6 dxc6 9. d3 0-0 10. h3 b6 11. Bd2 Be6 12. Qc1 c4 13. dxc4 Bxc4 14. Bh6 Bd5 15. Nh2 Be6 16. Re4 f5 17. exf6 exf6 18. Bxg7 Kxg7 19. Qe3 Nd5 20. Nxd5 Bxd5 21. Rd4 Re8 22. Qd2 Qe7 23. Ng4 Rad8 24. Rd1 Rc8 25. Qh6+ Kh8 26. Qf4 f5 27. Ne3 Qe5 28. Qh4 Qe7 29. Qf4 Qe5 30. Nxd5 cxd5 31. Qd2 Rc4 32. Rxd5 Qxb2 33. Rd7 Rh4 34. Qg5 Rh5 35. Qf4 Qf6 36. R1d6 Rh4 37. Rxf6 Rxf4 38. Rxa7 Rc4 39. Rff7 Rxc2 40. Rxh7+ Kg8 41. Rhg7+ Kh8 42. Rh7+ Kg8 43. Rhg7+ Kh8 44. Rxg6 Re1+ 45. Kh2 Rxf2 46. Rxb6 Re8 47. Kg3 Rf1 48. Kh4 f4 49. Kg5 f3 50. Kh6 Rfe1 51. Rh7+ Kg8 52. Rg6+ Kf8 53. Rf6+ Kg8 54. Rg7+ Kh8 55. Rxf3 R1e6+ 56. Rg6 R6e7 57. Kh5 Rh7+ 58. Kg5 Ra7 59. a3 Kh7 60. Rh6+ Kg7 61. Rhf6 Rea8 62. g4 Ra5+ 63. R6f5 R5a6 64. Rf7+ Kg8 65. h4 Ra5+ 66. R7f5 R5a7 67. h5 Rg7+ 68. Kh4 Rga7 69. Rg5+ Kh7 70. Rg6 Rxa3 71. Rf7+ Kh8 72. Rh6+ Kg8 73. Rfh7 R8a4 74. Rh8+ Kg7 75. R6h7+ Kf6 76. Rf8+ Ke6 77. Re8+ Kf6 78. Ree7 Rxg4+ 79. Kxg4 Ra4+ 80. Kf3 Rf4+ 81. Ke3 1-0

[Event "Biel HTO 57th"]
[Site "Biel"]
[Date "2024.07.23"]
[Round "8"]
[White "Cervantes Landeiro, Thalia"]
[Black "Holzke, Frank"]
[Result "1/2-1/2"]
[WhiteElo "2271"]
[BlackElo "2450"]
[PlyCount "96"]
[EventDate "2024.07.15"]
[EventType "swiss"]
[EventRounds "10"]
[EventCountry "SUI"]
[SourceTitle "CBM 221"]
[Source "ChessBase"]
[SourceDate "2024.08.31"]
[SourceVersion "1"]
[SourceVersionDate "2024.08.31"]
[SourceQuality "1"]

1. d4 Nf6 2. c4 e6 3. Nf3 Bb4+ 4. Nbd2 0-0 5. a3 Be7 6. e4 d5 7. e5 Nfd7 8. Bd3 c5 9. 0-0 Nc6 10. Re1 dxc4 11. Bxc4 Nb6 12. dxc5 Nxc4 13. Nxc4 Qxd1 14. Rxd1 Bxc5 15. b4 Bb6 16. Be3 Bc7 17. b5 Ne7 18. Bc5 Re8 19. Bd6 Nd5 20. Bxc7 Nxc7 21. a4 Nd5 22. Ne3 Nxe3 23. fxe3 b6 24. Rac1 Bb7 25. Rd7 Bxf3 26. gxf3 Red8 27. Rxd8+ Rxd8 28. Rc7 Ra8 29. Rb7 g5 30. Kg2 Kg7 31. Kg3 Kg6 32. e4 h6 33. h4 gxh4+ 34. Kxh4 a6 35. Rxb6 axb5 36. axb5 Ra3 37. Kg3 h5 38. Rb8 h4+ 39. Kg4 h3 40. Rh8 Rb3 41. Rxh3 Rxb5 42. Kf4 Kg7 43. Rh1 Ra5 44. Rg1+ Kf8 45. Rg5 Rb5 46. Kg4 Ra5 47. Kf4 Rb5 48. Kg4 Ra5 1/2-1/2